000 00675nam a2200277Ia 4500
008 160716s9999||||xx |||||||||||||| ||und||
040 _cEnglish
082 _aVIII.D/Pitaman
082 _bBORI-977077
100 _aVickie Pitman
245 4 _aThe Nature of the whole
260 _aDelhi
260 _bMotilal Banarasidass
300 _a24+242
300 _cB
300 _eHardbound
530 _u00097077.pdf
563 _astudy
600 _aVickie Pitman
630 _aThe Nature of the whole
650 _a"Ayurvedic,Medicine"
650 _aTechnical science
700 _aVickie Pitman
730 _aThe Nature of the whole
942 _cBOOK
999 _c1400332
_d1400329